| 000 | 01253cam a22003737a 4500 | ||
|---|---|---|---|
| 003 | CHAP | ||
| 005 | 20220329142949.0 | ||
| 008 | 050429d1998 sp r 00110 spa d | ||
| 010 | _a90218 | ||
| 011 | _a91190 | ||
| 020 | _a8474263735 | ||
| 035 | _a101748 | ||
| 040 | _cCHAP | ||
| 082 | 0 | 4 | _a305.4 J3 |
| 100 | 0 | 0 |
_aJagoe, Caatherine _960900 |
| 245 | 1 | 3 |
_aLa mujer en los discursos de género: _btextos y contextos en el siglo XIX _c/por Catherine Jagoe, Alda Blanco Cristina y Enriquez de Salamanca |
| 260 |
_aBarcelona : _bIcaria, _c1998 |
||
| 300 | _a548 p. | ||
| 590 |
_aBATCH-UPD _b10 _c20130110 _lUCH01 _h0550 |
||
| 590 |
_aBATCH-UPD _b10 _c20130410 _lUCH01 _h0232 |
||
| 590 |
_aBATCH-UPD _b10 _c20130410 _lUCH01 _h1623 |
||
| 590 |
_aBATCH-UPD _b10 _c20130913 _lUCH01 _h2359 |
||
| 590 |
_aCONVERSION _b10 _c20130109 _lUCH01 _h1350 |
||
| 650 | 1 | 4 |
_aEducación _xHistoria. _935450 |
| 650 | 1 | 4 |
_aEnfoque de género. _936945 |
| 650 | 1 | 4 |
_aMujer. _979312 |
| 650 | 1 | 4 |
_aMujer _xSituación social _zColima. _979337 |
| 700 | 0 | 0 |
_aAlda Blanco, Cristina _93666 |
| 700 | 0 | 0 |
_aSalamanca, Enríquez de. _9101258 |
| 901 | _aBK | ||
| 905 | _aElisama A. H. | ||
| 942 | _cLIBRO | ||
| 949 |
_a305.4 J3 _bBC _cLIBRO _d33724000948311 _eLIBRO _gDonaciØn _h104822 _i101748 _si |
||
| 999 |
_c90218 _d90218 |
||